000 00814nab a2200241 u 4500
001 12845
003 HDC
007 cr bn ---aaaaa
008 210211c my dr|nes 0 eng d
040 _aHDC
245 0 _aTPPA has long-term positive effect on economic growth'
260 _a[no place] :
_b[publisher not identified],
_c[no year]
336 _atext
_2rdacontent
337 _acomputer
_2rdamedia
338 _aonline resource
_2rdacarrier
650 _aTrade
_94755
650 _aTrans-Pacific Partnership Agreement
_913669
710 _aThe Borneo Post Online
856 _zRequest full-text at [email protected]
942 _2lcc
942 _cNEWS
942 _kNWSO 002725
999 _c10167
_d10167